| 000 | 00859 a2200205 4500 | ||
|---|---|---|---|
| 005 | 20080826112158.0 | ||
| 008 | 080826t xxu||||| |||| 00| 0 eng d | ||
| 010 | _aENG-87158 | ||
| 020 |
_a8179940284 _c275.00 |
||
| 035 | _aEN-70691 | ||
| 037 | _bDBAD / PUB | ||
| 082 | _a220.21 | ||
| 100 | _aKashyap, R.L. | ||
| 245 |
_aDivinizing life _cby R.L. Kashyap _bthe path of Atri Rishi: fifth mandala of Rig Veda - all 727 mantras |
||
| 260 |
_aBangalore _bSri Aurobindo Kapali Sastry Inst. of Vedic Litrerature _c2004 |
||
| 270 |
_a 63, 13th Main, 4th Block East, Jayanagar _bBangalore _e560 011 |
||
| 300 |
_axxi, 350p. _c24cm (Hb ) |
||
| 942 |
_adpl _cEN _k220.21 / KAS _2ddc _h220.21 _mKAS |
||
| 999 |
_c6154 _d6154 |
||